Robust Control : Systems with Uncertain Physical Parameters /

Guardado en:
Detalles Bibliográficos
Autor principal: Ackermann, Jürgen (Autor)
Formato: Libro
Lenguaje:inglés
Publicado: London : Springer Verlag, 1993
Colección:Communications and Control Engineering Series
Etiquetas: Agregar Etiqueta
Sin Etiquetas, Sea el primero en etiquetar este registro!

MARC

LEADER 00000nam a22000003a 4500
001 stu24100
005 20150617225742.1
008 961001s1993----uk------------------eng-d
020 |a 3-540-19843-1 
040 |a STU  |b slo 
041 0 |a eng 
044 |a uk 
080 |a 65.012.122 
080 |a 658.5-52  |7 stu_us_auth*stu5817 
100 1 |a Ackermann, Jürgen  |4 aut 
245 1 |a Robust Control :  |b Systems with Uncertain Physical Parameters /  |c [aut.]Ackermann,Jurgen 
260 |a London :  |b Springer Verlag,  |c 1993 
300 |a 406 s :  |b Tab.,grafy,lit.,index 
830 0 |a Communications and Control Engineering Series 
996 |b C94463  |c C*94463  |l CCXVI  |s P  |a 0  |w stu24100_0001